[Event "Hradec Kralove op"]
[Site "Hradec Kralove"]
[Date "2013.05.19"]
[Round "6"]
[White "Chudinovskih, Alexander N"]
[Black "Silva, Antonio Araujo Da"]
[Result "1-0"]
[WhiteElo "2296"]
[BlackElo "1881"]
[PlyCount "83"]
[EventDate "2013.05.15"]
[EventType "swiss"]
[EventRounds "9"]
[EventCountry "CZE"]
[SourceTitle "CBM 154 Extra"]
[Source "ChessBase"]
[SourceDate "2013.06.25"]
[SourceVersion "2"]
[SourceVersionDate "2013.06.25"]
[SourceQuality "1"]

1. d4 Nf6 2. Bg5 e6 3. Nf3 d5 4. e3 Be7 5. c4 Nbd7 6. Nc3 c6 7. Rc1 0-0 8. Qc2 Re8 9. Bd3 dxc4 10. Bxc4 Nd5 11. Bxe7 Qxe7 12. 0-0 Nxc3 13. bxc3 e5 14. e4 a6 15. Rfe1 b5 16. Bb3 Rb8 17. c4 c5 18. Nxe5 Nxe5 19. dxe5 bxc4 20. Bxc4 Qxe5 21. Bd5 Be6 22. Qxc5 Rbc8 23. Qe3 Bxd5 24. exd5 Qxe3 25. fxe3 Kf8 26. Kf2 f5 27. Rc6 Rxc6 28. dxc6 Rc8 29. Rc1 Ke7 30. Kf3 Rc7 31. Kf4 Ke6 32. h4 g6 33. e4 fxe4 34. Kxe4 h6 35. Kf4 Rf7+ 36. Kg4 Kd6 37. h5 g5 38. c7 Rxc7 39. Rxc7 Kxc7 40. Kf5 Kd7 41. Kg6 Ke6 42. Kxh6 1-0

[Event "Mondariz op 9th"]
[Site "Mondariz Balneario"]
[Date "2011.08.24"]
[Round "3.6"]
[White "Villalonga Coll, Jaume"]
[Black "Silva, Antonio Araujo Da"]
[Result "0-1"]
[WhiteElo "2129"]
[BlackElo "1892"]
[PlyCount "78"]
[EventDate "2011.08.22"]
[EventType "swiss"]
[EventRounds "7"]
[EventCountry "ESP"]
[SourceTitle "EXT 2024"]
[Source "ChessBase"]
[SourceDate "2023.10.10"]
[SourceVersion "1"]
[SourceVersionDate "2023.10.10"]
[SourceQuality "1"]

1. d4 Nf6 2. c4 c5 3. Nf3 cxd4 4. Nxd4 Nc6 5. Nc3 g6 6. g3 Bg7 7. Bg2 0-0 8. 0-0 Qb6 9. Ndb5 a6 10. Be3 Qa5 11. Nd4 Ng4 12. Nxc6 dxc6 13. Bd2 Be6 14. Ne4 Qd8 15. Qc2 Ne5 16. b3 Bf5 17. Bc3 Qc7 18. Qb2 f6 19. Nd2 Rad8 20. Rad1 Nf7 21. e4 Bc8 22. Rfe1 e5 23. c5 Be6 24. Bf1 Qe7 25. b4 h5 26. Nc4 Ng5 27. Nd2 Bg4 28. Be2 Bxe2 29. Rxe2 Qe6 30. Qb3 Qxb3 31. axb3 Rd3 32. Rc1 Bh6 33. Nc4 Nf3+ 34. Kg2 Bxc1 35. Rc2 Bh6 36. Nd6 Rb8 37. h3 Bf8 38. Nc4 Nd4 39. Rc1 Ne2 0-1